000 00667nam a22002417a 4500
005 20170124110227.0
010 _aA-573331
020 _c00.00
035 _aA-573331
037 _bCen Lib/Ret
040 _aDPL
_bEN
082 _a929.44
_bGAN
100 _aGandhi, Maneka
_925218
245 _aThe penguin book hindu names /
_cby Maneka Gandhi
260 _aNew Delhi
_bViking
_c1989
270 _aB4/246, Safdarjang Enclave
_bNew Delhi
_e110029
300 _a485p.
_c21cm(Hb)
650 _aNames, Personal
_zIndia
_940891
650 _aMasculine names
_940892
700 _940753
700 _938731
942 _2ddc
_cEN
_h929.44
_mGAN
999 _c134498
_d134498